Study to improve the performance of dust extraction from the vertical KILN at Ndola Lime Co. (Record no. 59003)

MARC details
000 -LEADER
fixed length control field 00718nam a2200157 a 4500
008 - FIXED-LENGTH DATA ELEMENTS--GENERAL INFORMATION
fixed length control field 070215s2005 xx |||||||||||||| || u
050 ## - LIBRARY OF CONGRESS CALL NUMBER
Classification number THESIS
100 ## - MAIN ENTRY--PERSONAL NAME
Personal name Mwansa, Ronnie
245 10 - TITLE STATEMENT
Title Study to improve the performance of dust extraction from the vertical KILN at Ndola Lime Co.
Statement of responsibility, etc. thesis by Benny Kenete, and Ronnie Mwansa and supervised by E. Luwaya
260 ## - PUBLICATION, DISTRIBUTION, ETC.
Place of publication, distribution, etc.
Name of publisher, distributor, etc. Copperbelt University, School of Technology, Electrical Engineering Department
Date of publication, distribution, etc. 2005
350 ## - PRICE (NR) (BK AM CF MU VM SE) [OBSOLETE]
Price 0.00
650 #0 - SUBJECT ADDED ENTRY--TOPICAL TERM
Topical term or geographic name entry element ELECTRONICS
650 ## - SUBJECT ADDED ENTRY--TOPICAL TERM
Topical term or geographic name entry element ELECTRIC ENGINEERING
700 ## - ADDED ENTRY--PERSONAL NAME
Personal name Kenete, Benny
995 ## - RECOMMENDATION 995 [LOCAL, UNIMARC FRANCE]
-- 0.00
-- CBU-MAIN LIBRARY (Kitwe)
-- 1
-- 0.00
-- 1
-- AVAILABLE
-- Feb 15, 2007
-- University Collection
Holdings
Withdrawn status Lost status Source of classification or shelving scheme Damaged status Not for loan Home library Current library Shelving location Date acquired Total Checkouts Full call number Barcode Date last seen Price effective from Koha item type
          CBU-MAIN LIBRARY, KITWE. CBU-MAIN LIBRARY, KITWE.   11/30/2022   THESIS Z03001649 11/30/2022 11/30/2022 MONOGRAPH